Hero aku tomboy

Bibliographic Details
Main Author: Arisa Eriza (Author)
Format: Book
Language:Malay
Published: Kuala Lumpur Kaki Novel Enterprise 2013
Subjects:

MARC

LEADER 00000cam a2200000 7i4500
001 0000025718
005 20241114.0
008 200217 my may
020 |a 9789670448329 
040 |a INS   |b eng   |e rda 
090 0 0 |a PL5186.A75   |b H47 2013 
100 0 |a Arisa Eriza ,   |e author 
245 0 0 |a Hero aku tomboy   |c Arisa Eriza 
264 1 |a Kuala Lumpur   |c Kaki Novel Enterprise   |c 2013 
300 |a iii, 655 pages ;   |c 19 cm. 
336 |a text  |2 rdacontent 
337 |a unmediated  |2 rdamedia 
338 |a volume  |2 rdacarrier 
650 0 |a Malay fiction 
999 |a 0000024736   |b VIDEO CD   |c Media Collection   |e Default branch